000 00890nas a2200301 4500
001 BR9802210
003 BR-BrBNA
005 20231205100731.0
007 ta
008 230509b bl.|||p| |||| 00| 00por d
040 _aBR-BrBNA
_bpor
_cBiblioteca Nacional de Agricultura
041 _a(Pt)
072 _aH60
100 1 _aSkora Neto, F.
100 1 _aPassini, T.
100 1 _aRodrigues, B.N.
100 1 _aCampos, A.C.
245 1 _aEficacia de herbicidas na dessecacao de aveia-preta para formacao de cobertura morta em plantio direto
650 _aAveia Forrageira
650 _aHerbicida
650 _aDesidratacao
650 _aCobertura Morta
650 _aPlantio Direto
650 _aPulverizacao
773 0 _tPlanta Daninha (Brazil)
_xISSN 0100-8358
_g(1995), v. 13(2) p. 81-86
_wBR9802210
909 _a202311
_bLúcia
_c55
_dLúcia Elande
942 _2AGRIS
_n0
_cANA
999 _c157754
_d157754